000 01956cam a22003857i 4500
001 122867
005 20230410103914.0
008 140404s2014 enkb 000 0 eng d
035 _a18277627
925 0 _aacquire
_b1 shelf copy
_xpolicy default
942 _2lcc
_cbk
010 _a 2014431268
015 _aGBB409111
_2bnb
016 7 _a016609528
_2Uk
020 _a9781908323644 (pbk.)
020 _a1908323647 (pbk.)
020 _a9781908323651
020 _a1908323655
035 _a(OCoLC)ocn869789480
042 _alccopycat
043 _aa-sy---
050 1 4 _a432 DS 98.6
_bD219m 2014
082 0 0 _a956.91042
100 1 _aDarke, Diana.
245 1 0 _aMy house in Damascus :
_ban inside view of the Syrian Revolution /
_cDiana Darke.
260 _aLondon :
_bHaus Publishing,
_c2014.
300 _axiv, 254 p. :
_bmaps ;
_c22 cm.
505 0 _aMachine generated contents note: 1. Worlds of Conflict and Harmony -- 2. Unescorted -- 3. Escorted -- 4. Nobody's Poodle -- 5. Into the Unknown -- 6. The Dead Auntie -- 7. Insurance Against Fate? -- 8. Revelations -- 9. Friends and Brides -- 10. The Donkey Between Two Carrots -- 11. The Law and Educational Corruption -- 12.Completion and the Caretaker -- 13. No Return -- 14. Monasteries and Desperation -- 15. Thugs and Tamerlane -- 16. The Triumph of Asabiyya -- 17. Future Imperfect and Perfect.
520 _aHow did Syria's revolution lose its way? 'My House in Damascus' illuminates the darker recesses not just of Syria's history and politics, but also of its society and secrets. Diana Dark's firsthand experience of Syria's many diverse communities explains why Syria was always a special case and why the Assad regime was never likely to collapse.
651 0 _aSyria
_xHistory
_yCivil War, 2011-
651 0 _aSyria
_xHistory
_yCivil War, 2011-
_vPersonal narratives.
600 1 0 _aDarke, Diana.
923 _apurchase
_d20140814
_nI-200006338
_sCoutts
946 _aJaaM
999 _c28171
_d28171